Chaîne de mot en 5 lettres - Statistiques

Statistiques générales
  • Ce quiz a été pris 139 fois
  • Le résultat moyen est 6 sur 15
Statistiques - réponses
Hint Réponse % Correct
Fruit de smartphone Pomme
87%
Prénom de Wilde Oscar
68%
Parfaite pour les piques-niques Nappe
62%
Fruit jaune en anglais Lemon
58%
Saut périlleux Salto
58%
Colère dans Vice-Versa Rouge
55%
On y cultive du blé ou Champ
50%
Chant alpin Yodel
40%
Une des sœurs Brontë Emily
31%
La mer l’est Salée
31%
Grande école de commerce ESSEC
30%
Île de la liberté à New-York Ellis
24%
Chèvre qui sautille Cabri
19%
Écrit sans « e » Perec
9%
A écrit La civilisation des moeurs Elias
7%
Aucun quiz correspondant
Distribution des résultats
% des personnes avec chaque résultat
Percentile par nombre de réponses
Votre historique - résultats
Vous n’avez pas pris ce quiz